Tilastot visalle Alkuaineet, jotka ovat kaasuja huoneenlämpötilassa

Klikkaa tästä pelataksesi tätä visaa!

Yleistilastot

  • Tätä visaa on pelattu 393 kertaa
  • Keskiarvotulos 7 / 11

Vastaustilastot

Alkuaine% Oikein
Happi
95%
Typpi
86%
Vety
86%
Helium
81%
Neon
66%
Argon
64%
Radon
47%
Ksenon
45%
Kloori
38%
Krypton
33%
Fluori
32%

Tulosjakauma

Persentiili vastausten määrän mukaan

Jokaisen tuloksen saaneiden osuus

Tuloshistoriasi

Et ole pelannut tätä visaa